Statistics for SuperWhoLock

Click here to take the quiz!

General Stats

  • This quiz has been taken 33 times
  • The average score is 10 of 15

Answer Stats

HintAnswer% Correct
Who plays the eleventh doctor?Matt Smith
96%
Who says "hello sweetie"?River Song
88%
Who painted sunflowers for Amy Pond?Vincent Van Gogh
88%
What was Irene Adler wearing when John Watson first met her?Nothing
84%
When did the original Doctor Who series start?1963
80%
Fill in the blank: The Hounds Of _______Baskerville
76%
What is the name of the first Sherlock episode?A Study In Pink
72%
What is the name of the Doctor's daughter?Jenny
68%
What is Bobby's last name?Singer
68%
What was discovered about Mary Watson at the end of her wedding?She was pregnant
60%
What was Molly Hooper's fiancé's name?Tom
48%
What is the name of the blade that can kill the Knights of Hell?The First Blade
40%
What is Mr. Fizzles?Garth's sock puppet
36%
What is Chuck's pen name?Carver Edlund
28%
What song plays when Charlie Bradbury is introduced?Walking On Sunshine
28%

Score Distribution

Percentile by Number Answered

Percent of People with Each Score

Your Score History

You have not taken this quiz